[Event "Titled Tuesday intern op 27th Feb Late"]
[Site "Chess.com INT"]
[Date "2024.02.27"]
[Round "1"]
[White "Stanojevic, Ilija"]
[Black "Pham, Le Thao Nguyen"]
[Result "1/2-1/2"]
[WhiteElo "2209"]
[BlackElo "2395"]
[PlyCount "199"]
[EventDate "2024.02.27"]
[EventType "swiss (blitz)"]
[EventRounds "11"]
[EventCountry "USA"]
[SourceTitle "CB10_2024"]
[SourceDate "2024.03.06"]
[SourceVersion "1"]
[SourceVersionDate "2024.03.06"]
[SourceQuality "1"]

1. d4 d5 2. c4 c6 3. Nc3 Nf6 4. e3 a6 5. c5 Bf5 6. Nf3 Nbd7 7. Bd2 Qc7 8. Be2 e5 9. 0-0 e4 10. Ne1 Be7 11. f3 exf3 12. gxf3 0-0 13. Bd3 Bg6 14. Bxg6 hxg6 15. e4 dxe4 16. fxe4 Rad8 17. e5 Nh7 18. Ne4 Nxe5 19. dxe5 Qxe5 20. Qf3 Rd4 21. Bc3 Qxe4 22. Bxd4 Qxd4+ 23. Kh1 Bxc5 24. Nd3 Bd6 25. Rad1 Ng5 26. Qg2 Qh4 27. Nf2 Bb8 28. Ng4 Ne6 29. Rfe1 b5 30. Ne5 Nf4 31. Qg3 Qxg3 32. hxg3 Bxe5 33. Rxe5 Nd5 34. Rc1 Nb4 35. Re7 Rc8 36. a3 Nd3 37. Rf1 f6 38. Rd1 Ne5 39. Rd6 a5 40. b4 axb4 41. axb4 g5 42. Kg2 Ra8 43. g4 Ra2+ 44. Kg3 Ra3+ 45. Kg2 Rb3 46. Rd8+ Kh7 47. Rc8 Rb2+ 48. Kg3 Rxb4 49. Rcc7 Rxg4+ 50. Kh3 Rh4+ 51. Kg3 Kg6 52. Rxg7+ Kf5 53. Rg8 Rc4 54. Rf8 Rc3+ 55. Kf2 b4 56. Rb7 b3 57. Ke2 Rc5 58. Rxb3 Rc2+ 59. Kd1 Ra2 60. Rb7 g4 61. Rh7 c5 62. Rh6 Nd7 63. Rf7 Ke6 64. Rg7 Ra4 65. Ke2 Re4+ 66. Kf2 Rd4 67. Rhh7 Ne5 68. Rh6 c4 69. Rc7 Kf5 70. Kg3 Kg5 71. Rh8 Rd3+ 72. Kg2 c3 73. Rg8+ Kf4 74. Rf8 f5 75. Rc5 Rd2+ 76. Kf1 c2 77. Rfc8 Rd1+ 78. Ke2 c1Q 79. Rxc1 Rxc1 80. Rxc1 Nf3 81. Rc4+ Kg3 82. Kf1 f4 83. Rb4 Nd2+ 84. Ke2 Nf3 85. Rb3 Kg2 86. Rb4 Kg3 87. Rb3 Kh4 88. Rb4 Kg5 89. Rb5+ Kf6 90. Kf2 Ne5 91. Ra5 Kf5 92. Rb5 g3+ 93. Kg2 Ke4 94. Rb4+ Ke3 95. Rb3+ Nd3 96. Ra3 Ke2 97. Ra2+ Ke3 98. Ra3 Ke4 99. Ra4+ Ke3 100. Ra3 1/2-1/2

[Event "Swiss Queens Wed #4"]
[Site "FIDE Online Arena INT"]
[Date "2024.02.21"]
[Round "3"]
[White "Narva, Regina R"]
[Black "Pham, Le Thao Nguyen"]
[Result "0-1"]
[WhiteElo "1901"]
[BlackElo "2395"]
[PlyCount "108"]
[EventDate "2024.02.21"]
[EventType "swiss (blitz)"]
[EventRounds "11"]
[EventCountry "NET"]
[SourceTitle "CB09_2024"]
[SourceDate "2024.02.28"]
[SourceVersion "1"]
[SourceVersionDate "2024.02.28"]
[SourceQuality "1"]

1. e4 c5 2. Nc3 e6 3. g3 Nc6 4. Bg2 Nf6 5. Nge2 d6 6. d4 cxd4 7. Nxd4 e5 8. Nde2 Be7 9. 0-0 0-0 10. h3 Be6 11. g4 Rc8 12. Ng3 Nd7 13. f4 exf4 14. Bxf4 Nde5 15. Nf5 Re8 16. Nxe7+ Nxe7 17. Kh2 N7g6 18. Bg3 Qb6 19. Rb1 Red8 20. Nd5 Bxd5 21. exd5 Nc4 22. Qf3 f6 23. Rf2 Qe3 24. Qf5 Qe7 25. Qd3 Re8 26. Bf1 Qe3 27. Qxe3 Nxe3 28. Bb5 Red8 29. c3 a6 30. Ba4 Ne5 31. Bb3 b5 32. Re1 N3c4 33. a4 h6 34. axb5 axb5 35. Bc2 Ra8 36. Bf5 Kh8 37. Be6 Ra2 38. Rb1 Nd3 39. Rg2 Rxb2 40. Ra1 Rxg2+ 41. Kxg2 Nc5 42. Bf7 Rf8 43. Bg6 Ne5 44. Ra7 Nxg6 45. Bxd6 Rc8 46. Ra5 Ne4 47. Ba3 Nxc3 48. Bb4 Nxd5 49. Be1 Nc3 50. Bxc3 Rxc3 51. Rxb5 Nf4+ 52. Kf2 Nxh3+ 53. Ke2 Nf4+ 54. Kf2 Kh7 0-1

[Event "Swiss Queens Wed #4"]
[Site "FIDE Online Arena INT"]
[Date "2024.02.21"]
[Round "2"]
[White "Pham, Le Thao Nguyen"]
[Black "Kaliakhmet, Elnaz"]
[Result "0-1"]
[WhiteElo "2395"]
[BlackElo "2000"]
[PlyCount "70"]
[EventDate "2024.02.21"]
[EventType "swiss (blitz)"]
[EventRounds "11"]
[EventCountry "NET"]
[SourceTitle "CB09_2024"]
[SourceDate "2024.02.28"]
[SourceVersion "1"]
[SourceVersionDate "2024.02.28"]
[SourceQuality "1"]

1. Nf3 Nf6 2. c4 c5 3. g3 g6 4. Bg2 Bg7 5. 0-0 0-0 6. Nc3 Nc6 7. d4 cxd4 8. Nxd4 Ng4 9. Nf3 Bxc3 10. bxc3 d6 11. Nd4 Nce5 12. h3 Nf6 13. Bh6 Re8 14. Qb3 Qc7 15. Rab1 Nxc4 16. g4 Rb8 17. Qa4 Bd7 18. Qxa7 Ne5 19. Rxb7 Rxb7 20. Qxb7 Qxc3 21. e3 Qc8 22. Rb1 Qc4 23. a3 Qa2 24. Qb2 Qxb2 25. Rxb2 Rc8 26. Kh2 Ne8 27. Rb7 Nc7 28. f4 Nd3 29. Nc6 Bxc6 30. Bxc6 Nc5 31. Ra7 f6 32. Bf3 Kf7 33. Kg3 Nb5 34. f5 Nxa7 35. Bd5+ e6 0-1